| 000 | 00479nam a2200157Ia 4500 | ||
|---|---|---|---|
| 999 |
_c1419 _d1419 |
||
| 003 | OSt | ||
| 005 | 20200930121122.0 | ||
| 008 | 190216s9999||||xx |||||||||||||| ||und|| | ||
| 040 | _coclc | ||
| 082 |
_a631.53 _bCHA/I |
||
| 100 |
_aChaudhary, R C _95200 |
||
| 245 | 0 |
_aIntroduction To Plant Breeding / _cR C Chaudhary |
|
| 260 |
_bOxford And Ibh Publishing Co. Pvt Ltd, _c1988. _aNew Delhi: |
||
| 300 | _a267p | ||
| 942 |
_cBK _2ddc _h631.53 _iCHA/I _k631.53 _mCHA/I |
||